Tensiones Matrimoniales
| Main Author: | |
|---|---|
| Format: | Section = Libro |
| Language: | Undetermined Spanish |
| Published: |
México
Paidos
1970
|
| Subjects: |
| LEADER | 00456nam a2200193Ia 4500 | ||
|---|---|---|---|
| 008 | 240830s9999 xx 000 0 und d | ||
| 040 | |a B-ESTELÍ- RUACS / 392.4 D554 | ||
| 041 | |a spa | ||
| 082 | |a 392.4 D554 | ||
| 100 | 1 | |a Henry, Dicks | |
| 245 | 1 | 0 | |a Tensiones Matrimoniales |
| 260 | |a México |b Paidos |c 1970 | ||
| 300 | |a 323 p:il | ||
| 650 | 7 | |a LITERATURA | |
| 650 | 7 | |b REDACCION | |
| 650 | 7 | |c ORTOGRAFIA | |
| 942 | |c BK |2 ddc | ||
| 991 | |a TEXTO | ||
| 999 | |c 10856 | ||